LEADER 01059nam a2200241 i 4500 001 000000179668 003 CaOOAMICUS 005 20240827150516.0 008 090520s1940 it u000 u ita u 013 $a157274 040 $aSeMil$bita 100 1 $aCencetti, Giorgio,$d<1908-1970>.$0(OLS)http://semarc/name/65241 245 10$aRoma Papale :$bdalla controriforma alla breccia di Porta Pia /$cGiorgio Cencetti. 260 $aFirenze :$b[s.n.],$ccopyr. 1940$e(Firenze :$fBarbčra,$gcopyr. 1940) 300 $a64 p. :$bill. ;$c24 cm. 490 0 $aNovissima enciclopedia monografica illustrata ;$v86 500 $aContiene : Bibliografia. 830 0$aNovissima Enciclopedia Monografica Illustrata ;$v86.$0(OLS)http://semarc/title/42672 850 $aSeMil 852 $aSeMil$W1$xVenegono$y1$m3B III 154$j130429$B130429$CSeMilBibl$Z2$F141875 $81 996 $6245$aRoma Papale :$bdalla controriforma alla breccia di Porta Pia$9(OLS)http://semarc/title/257970 996 $6260$aFirenze :$b[s.n.]$9(OLS)http://semarc/publisher/30464 LEADER 01084nam a2200229 i 4500 001 000000063966 003 CaOOAMICUS 005 20130326000000.0 008 130326s1966 xx u000 u eng u 013 $a35138 040 $aSeMil$bita 100 1 $aBuren, Paul Matthews : van.$0(OLS)http://semarc/name/32308 245 14$aThe secular meaning of the Gospel based on an analysis of its language /$cPaul M. van Buren. 260 $aLondon :$bCollier-Macmillan,$c1966. 260 $aNew York :$bThe Macmillan Company,$c1966. 300 $aXVII, 205 p. ;$c22 cm. 650 4$aBibbia. Nuovo Testamento. Vangeli - Commentari, studi, critica, interpretazioni.$0(OLS)http://semarc/subject/537 850 $aSeMil 852 $aSeMil$W1$xVenegono$y1$m2M I 85$j30119$B30119$CSeMilBibl$Z2$F30122 $81 996 $6245$aThe secular meaning of the Gospel based on an analysis of its language$9(OLS)http://semarc/title/101134 996 $6260$aNew York :$bThe Macmillan Company$9(OLS)http://semarc/publisher/40267 996 $6260$aLondon :$bCollier-Macmillan$9(OLS)http://semarc/publisher/40268